Analýza daňového systému a jeho vplyv na SR diplomová práca

Guardado en:
Detalles Bibliográficos
Autor principal: Zborovský, František
Autor Corporativo: Národohospodárska fakulta EU. Katedra hospodárskej politiky
Otros Autores: Kopkáš, Peter
Formato: Libro
Lenguaje:eslovaco
Publicado: Bratislava 2010
Etiquetas: Agregar Etiqueta
Sin Etiquetas, Sea el primero en etiquetar este registro!

MARC

LEADER 00000nam a2200000 4500
001 0120368
005 20240318121706.8
041 0 |a slo 
044 |a SK 
245 1 0 |a Analýza daňového systému a jeho vplyv na SR  |b diplomová práca  |c František Zborovský ; škol. Peter Kopkáš 
264 1 |a Bratislava  |c 2010 
300 |a 73 s. 
100 1 |a Zborovský, František 
700 1 |a Kopkáš, Peter 
710 2 |a Národohospodárska fakulta EU. Katedra hospodárskej politiky